Rhymes with Ouch Quiz Stats

 Plays Quiz Updated Nov 21, 2017

Also try: Rhymes with 'UM'
Challenge
Share
Tweet
Embed
Score 0/6 Timer 01:00
1 Play Today
% Correct
Couch
96.4%
Pouch
91.3%
Slouch
63.3%
Vouch
63.2%
Crouch
62.4%
Grouch
55.9%

You're not logged in!

Compare scores with friends on all Sporcle quizzes.
OR
Log In

You Might Also Like...

Show Comments

Extras

Top Quizzes Today


Score Distribution

Your Account Isn't Verified!

In order to create a playlist on Sporcle, you need to verify the email address you used during registration. Go to your Sporcle Settings to finish the process.

Report this User

Report this user for behavior that violates our Community Guidelines.

Details: